Algebra / (Record no. 24806)

MARC details
000 -LEADER
fixed length control field 00930nam a22002417a 4500
008 - FIXED-LENGTH DATA ELEMENTS--GENERAL INFORMATION
fixed length control field 090304t xxu||||| |||| 00| 0 eng d
010 ## - LCCN (DPL NO)
LC control number B-317533 ENG-94978
020 ## - INTERNATIONAL STANDARD BOOK NUMBER
Terms of availability 185.00
International Standard Book Number 8190720366
035 ## - SYSTEM CONTROL NUMBER
System control number B-317533
035 ## - SYSTEM CONTROL NUMBER
System control number EN-78511
037 ## - SOURCE OF ACQUISITION
Source of stock number/acquisition DBAD / PUB
040 ## - CATALOGING SOURCE
Original cataloging agency DPL
Language of cataloging English
082 ## - DEWEY DECIMAL CLASSIFICATION NUMBER
Classification number 512
100 ## - MAIN ENTRY--PERSONAL NAME
Personal name Naveen, J.
245 ## - TITLE STATEMENT
Title Algebra /
Statement of responsibility, etc by J. Naveen
260 ## - PUBLICATION, DISTRIBUTION, ETC. (IMPRINT)
Place of publication, distribution, etc Chennai
Name of publisher, distributor, etc Bala Books
Date of publication, distribution, etc 2007
270 ## - ADDRESS
Address No. 15, Ko. Su. Mani Street, Choolaimedu,
City Chennai
Postal code 600015
300 ## - PHYSICAL DESCRIPTION
Extent 366 p.
Dimensions 21 cm. (Pbk)
650 ## - SUBJECT ADDED ENTRY--TOPICAL TERM
Topical term following geographic name as entry element Mathematics
942 ## - ADDED ENTRY ELEMENTS (KOHA)
Source of classification or shelving scheme Dewey Decimal Classification
Item type English Books
Classification part 512
Call number suffix NAV
Holdings
Withdrawn status Lost status Source of classification or shelving scheme Damaged status Not for loan Collection code Home library Current library Date acquired Source of acquisition Cost, normal purchase price Total Checkouts Full call number Barcode Checked out Date last seen Copy number Cost, replacement price Koha item type
    Dewey Decimal Classification   Not For Loan Non-fiction D.B.Act.Division D.B.Act.Division 29/08/2009 DBAD / PUB 185.00   512 NAV EN-78511   29/08/2009 1 185.00 English Books
    Dewey Decimal Classification     Non-fiction Vinoba Puri Vinoba Puri 04/03/2009 DBAct 185.00 7 512 NAV B-317533 17/09/2010 03/09/2010 1 185.00 English Books

© Delhi Public Library
Hit Counter
free hit counter